Financial Procedure Act 1957 (Act 61) : (as at 1st July 2003)

Bibliographic Details
Corporate Authors: Malaysia, Lembaga Penyelidikan Undang-Undang
Format: Book
Published: Petaling Jaya : International Law Book Services , 2003
Series:Laws of Malaysia
Subjects:

MARC

LEADER 00000cam a2200000 7i4500
001 0000003146
005 20050217.0
020 0 0 |a 9678913968 
090 0 0 |a 343.595034   |b MAL 
110 1 0 |a Malaysia 
240 0 0 |a Akta Acara Kewangan, 1957.   |l English 
245 1 0 |a Financial Procedure Act 1957 (Act 61) :   |b (as at 1st July 2003)   |c compiled by Legal Research Board 
260 0 0 |a Petaling Jaya :   |b International Law Book Services ,   |c 2003 
300 |a 27p. ;   |c 24cm. 
440 0 0 |a Laws of Malaysia 
650 0 0 |a Finance, Public   |x Law and legislation   |z Malaysia 
650 0 0 |a Finance   |x Law and legislation   |z Malaysia 
710 2 1 |a Lembaga Penyelidikan Undang-Undang 
999 |a 0000005839   |b Monograph   |c Open Shelf   |e Default branch